Cartografía cultural de Chile: lecturas cruzadas
Guardat en:
| Autor principal: | |
|---|---|
| Format: | Llibre |
| Idioma: | espanyol |
| Publicat: |
Santiago
Consejo Nacional de la Cultura y las Artes
2003
|
| Matèries: | |
| Etiquetes: |
Afegir etiqueta
Sense etiquetes, Sigues el primer a etiquetar aquest registre!
|
MARC
| LEADER | 00000nam a2200000 a 4500 | ||
|---|---|---|---|
| 001 | UCL2503 | ||
| 003 | CL-VaPUC | ||
| 008 | 031024e20030000CL |||||||||||||||||spa|d | ||
| 020 | |a 9562920747 | ||
| 082 | 0 | 4 | |a 306.983 |b VAL |2 21 |
| 100 | 0 | |a Valle Maluenda, María Trinidad |e author |9 479613 | |
| 245 | 1 | 0 | |a Cartografía cultural de Chile: lecturas cruzadas |
| 300 | |a 101 p | ||
| 942 | |c BK | ||
| 945 | |d 20031024 00:00:00 |a cmena | ||
| 260 | |a Santiago |b Consejo Nacional de la Cultura y las Artes |c 2003 | ||
| 650 | 0 | |a Cultura |9 269059 | |
| 650 | 7 | |a FOLKLORE |2 CL-VaPUC |9 268291 | |
| 650 | 0 | |a Arte popular |9 362163 | |
| 650 | 0 | |a ceramica |9 262882 | |
| 650 | 0 | |a Cultura |x Investigación |9 338168 | |
| 650 | 0 | |a Desarrollo cultural |9 267526 | |
| 650 | 0 | |a Historia cultural |9 353068 | |
| 651 | 7 | |a CHILE |2 CL-VaPUC |9 479614 | |
| 583 | |a last modification |c 20031024 00:00:00 |k Rodrigo Vera | ||
| 999 | |c 305806 |d 305804 | ||
| 952 | |0 0 |1 0 |4 0 |6 306_983000000000000_VAL_2003 |7 0 |8 A |9 370255 |a BIBEDU |b BIBEDU |d 2019-11-21 |i 3954455 |o 306.983 VAL 2003 |p 3954455 |r 2019-11-21 |w 2019-11-21 |y BK |k EPE | ||
| 952 | |0 0 |1 0 |4 0 |6 306_983000000000000_VAL_2003 |7 0 |8 A |9 370256 |a BIBING |b BIBING |d 2019-11-21 |i 3950832 |o 306.983 VAL 2003 |p 3950832 |r 2025-01-20 |w 2019-11-21 |y BK |k GEO | ||